Loading...
Warris Shah
| Hovedforfatter: | |
|---|---|
| Format: | Printed Book |
| Udgivet: |
New Delhi, Sahitya Akademi
1988
|
| Serier: | Makers of Indian literature
|
| Fag: |
| LEADER | 004610000a22001570004500 | ||
|---|---|---|---|
| 082 | |a 928 WAR M8 | ||
| 100 | |a Gurcharan Singh | ||
| 245 | |a Warris Shah | ||
| 260 | |a New Delhi, Sahitya Akademi | ||
| 260 | |c 1988 | ||
| 465 | |a R 5 | ||
| 490 | |a Makers of Indian literature | ||
| 650 | |a Biography | ||
| 942 | |c BK | ||
| 999 | |c 12364 |d 12364 | ||
| 952 | |0 0 |1 0 |4 0 |6 928_000000000000000_WAR_M8 |7 0 |8 ENG |9 12165 |a MGUL |b MGUL |d 2013-07-16 |e R 5 |l 0 |o 928 WAR M8 |p 02094 |r 2013-07-16 |w 2013-07-16 |y BK | ||